| 000 | 00502 a2200157 4500 | ||
|---|---|---|---|
| 999 |
_c3066 _d3066 |
||
| 020 | _a9781897587805 | ||
| 050 | _aHD 38.2 BOU 1994 | ||
| 100 | _aBoutall, Trevor | ||
| 245 |
_aThe good manager's guide : _bover 130 practical checklists for day-to-day management / _cTrevor Boutall |
||
| 250 | _a2nd ed. | ||
| 264 |
_aNew York : _bCreative print and design wales, _c1994 |
||
| 300 |
_axi,228p. : _bill.; |
||
| 500 | _aincludes index | ||
| 650 | _aManager's guide | ||
| 942 |
_2lcc _cBK _e2nd ed. _h38.2 _iBOU _kHD |
||